Konvergenčný projekt IASB a FASB vedúci k priblíženiu pravidiel IFRS a US GAAP diplomová práca

Saved in:
Bibliographic Details
Main Author: Kováčik, Martin
Corporate Author: Fakulta hospodárskej informatiky EU. Katedra účtovníctva a audítorstva
Other Authors: Kubaščíková, Zuzana, 1982-
Format: Book
Language:Slovak
Published: Bratislava 2018
Tags: Add Tag
No Tags, Be the first to tag this record!

MARC

LEADER 00000nbm a2200000 4500
001 0243473
005 20181108091710.6
041 0 |a slo 
044 |a SK 
245 1 0 |a Konvergenčný projekt IASB a FASB vedúci k priblíženiu pravidiel IFRS a US GAAP  |b diplomová práca  |c Martin Kováčik ; školiteľ: Zuzana Kubaščíková 
264 1 |a Bratislava  |c 2018 
300 |a 66 s. 
100 1 |a Kováčik, Martin 
700 1 |a Kubaščíková, Zuzana, 1982- 
710 2 |a Fakulta hospodárskej informatiky EU. Katedra účtovníctva a audítorstva